LIBRARY ONLINE CATALOGUE

A Biblical-Theological Introduction to the Old Testament: (Record no. 19399)

MARC details
000 -LEADER
fixed length control field 00433nam a22001337a 4500
008 - FIXED-LENGTH DATA ELEMENTS--GENERAL INFORMATION
fixed length control field 220718b |||||||| |||| 00| 0 eng d
020 ## - INTERNATIONAL STANDARD BOOK NUMBER
International Standard Book Number 1433533464
050 ## - LIBRARY OF CONGRESS CALL NUMBER
Classification number BS1140
Item number .B53 2016
245 ## - TITLE STATEMENT
Title A Biblical-Theological Introduction to the Old Testament:
Remainder of title the gospel promised/
Statement of responsibility, etc. Edited by Miles V. Van Pelt
260 ## - PUBLICATION, DISTRIBUTION, ETC. (IMPRINT)
Place of publication, distribution, etc. Illinois
Name of publisher, distributor, etc. Crossway
Date of publication, distribution, etc. 2016
300 ## - PHYSICAL DESCRIPTION
Extent 601p.
650 ## - SUBJECT ADDED ENTRY--TOPICAL TERM
Topical term or geographic name as entry element Bible, old testament
Form subdivision Introductions
942 ## - ADDED ENTRY ELEMENTS (KOHA)
Source of classification or shelving scheme Library of Congress Classification
Koha item type General Collection
Holdings
Withdrawn status Lost status Source of classification or shelving scheme Not for loan Home library Current library Date acquired Cost, normal purchase price Total Checkouts Full call number Barcode Date last seen Price effective from Koha item type
    Library of Congress Classification   Kabarak, Main Campus Kabarak, Main Campus 18/07/2022 3900.00   BS1140 .B53 2016 c.1 031972 02/08/2024 18/07/2022 General Collection